• 首页
  • 本馆介绍
  • 公告通知
  • 最新文献
  • 馆藏检索
  • 电子资源
  • 读者导购
  • 参考咨询
  • 我的图书馆
  • 登录
  • 详细信息显示
  • 放入我的书架
  • 预约/预借图书
  • 作者相关作品
  • 分类相关作品
  • 丛书相关作品
  • 出版社相关作品

书目信息

  • 表格格式
  • 工作单格式
  • 卡片格式
题名:
中国林业植物授权新品种
    
 
作者: ;国家林业局 , 国家林业局 编
分册: 2019  
出版信息: 北京   中国林业出版社  2021.3
页数: 459页
开本: 26cm
丛书名:
单 册:
中图分类: S718.3
科图分类:
主题词: 森林植物--品种--中国--汇编
电子资源:
ISBN: 978-7-5219-1045-2
000 00945nam0 2200241 45
001 012001001724
005 20211013151815.27
010    @a978-7-5219-1045-2@dCNY298.00
100    @a20210521d2021 em y0chiy50 ea
101 0  @achi
102    @aCN@b110000
105    @aa z 000yy
106    @ar
200 1  @a中国林业植物授权新品种@Azhong guo lin ye zhi wu shou quan xin pin zhong@h2019@b专著@f国家林业和草原局科技发展中心(国家林业和草原局植物新品种保护办公室)编
210    @a北京@c中国林业出版社@d2021.3
215    @a459页@c彩图,照片@d26cm
330    @a本书收录2019年登录的林业植物新品种439个,包括观赏植物、林木、木质藤本、竹子等种类,介绍每个新品种的特征特性。
606 0  @a森林植物@x品种@y中国@j汇编
690    @aS718.3@v5
711 02 @a国家林业局@Aguo jia lin ye ju@b科技发展中心@4编
711 02 @a国家林业局@Aguo jia lin ye ju@b植物新品种保护办公室@4编
801  0 @aCN@bBJSDL@c20211011
905    @b1336969-71@dS718.3@e158(2019)@f3
    
    中国林业植物授权新品种.2019/国家林业和草原局科技发展中心(国家林业和草原局植物新品种保护办公室)编.-北京:中国林业出版社,2021.3
    459页:彩图,照片;26cm
    
    
    ISBN 978-7-5219-1045-2:CNY298.00
    本书收录2019年登录的林业植物新品种439个,包括观赏植物、林木、木质藤本、竹子等种类,介绍每个新品种的特征特性。
●
相关链接 在E读中查询图书 在五车中查询图书 在当当中查询图书 在豆瓣中查询图书


正题名:中国林业植物授权新品种     索取号:S718.3/158(2019)         预约/预借

序号 登录号 条形码 馆藏地/架位号 状态 备注
1 1336969   213369692   第二样本阅览室/ [索取号:S718.3/158(2019)] 在馆    
2 1336970   213369709   第三借阅区/ [索取号:S718.3/158(2019)] 在馆    
3 1336971   213369718   第三借阅区/ [索取号:S718.3/158(2019)] 在馆    
唐山师范学院图书馆 欢迎您!
大连网信软件有限公司© 版权所有